| 000 | 00450nam a2200169Ia 4500 | ||
|---|---|---|---|
| 003 | IN-BaIIA | ||
| 008 | 211028s9999 xx 000 0 eng d | ||
| 040 | _cIIA Library | ||
| 080 |
_a031 _bNAY-4 |
||
| 100 |
_aNayak,H. M. _914297 |
||
| 245 | 0 |
_aKannada Visvakosa _bvol.IV _cH. M. Nayak |
|
| 260 |
_aMysore _bMysore University Press _c1972 |
||
| 300 | _a952p. | ||
| 650 |
_aEncyclopaedia _914298 |
||
| 650 |
_aKannada Encyclopaedia _914299 |
||
| 942 | _cBK | ||
| 999 |
_c8530 _d8530 |
||